000 00696nam a2200265Ia 4500
003 OSt
005 20221006160940.0
006 a|||||r|||| 00| 0
007 ta
008 221006b |||||||| |||| 00| 0 eng d
020 _a9783791347271
024 _a46,923
037 _cTextual
040 _aEASL
_cEASL
_beng
041 _2eng
_aeng
082 _aY:1.42, Q3
100 _aOKAZAKI Manami
_9675531
245 0 _aKawaii ! Japan's culture of cute.
260 _aMunich
_bPrestel
_c2013
300 _a223p.
_ccm.
490 _v JEL
700 _a JOHNSON Geoff
_9675532
942 _hY:1.42, Q3
_cTEXL
_2CC
999 _c1115012
_d1115012